Diseño de un sistema acondicionador de aire con enfriamiento de agua
Saved in:
| Main Author: | |
|---|---|
| Format: | Book |
| Published: |
[San José , Costa Rica]
1974
|
| Tags: |
Add Tag
No Tags, Be the first to tag this record!
|
MARC
| LEADER | 00000nam a2200000Ia 4500 | ||
|---|---|---|---|
| 003 | 011232 | ||
| 005 | 20240805112830.0 | ||
| 008 | 140116s1974 c a m 000 ||s d | ||
| 040 | |c cru CEDI | ||
| 090 | |a TFG 287 | ||
| 100 | |a Ruiz Vargas, José Francisco, 1949- |9 3463 | ||
| 245 | |a Diseño de un sistema acondicionador de aire con enfriamiento de agua | ||
| 260 | |a [San José , Costa Rica] |c 1974 | ||
| 300 | |a 151 hojas ;ilustraciones | ||
| 500 | |a A la cabeza de la portada. Universidad de Costa Rica. Facultad de Ingeniería. Departamento de Ingeniería Mecánica. Proyecto | ||
| 942 | |c TFG |h TFG 287 |i 011232 |6 TFG_287_011232000000000 | ||
| 999 | |c 13495 |d 13495 | ||
